000 01434nam a2200277Ia 4500
999 _c40848
_d40848
001 7489
003 GE_BSU
005 20231219110528.0
008 181216s2012||||ge |||||||||||||| ||geo||
020 _a9789941908729
040 _cGE_BSU
041 _ageo
080 _a368(075.8) შ-16
100 _aშათირიშვილი, ჯამლეთ
_916866
245 _aსადაზღვევო საქმე :
_bსახელმძღვ. /
_cჯამლეთ შათირიშვილი, ნატო კაკაშვილი ; მეცნ.- რედ. : გივი გამსახურდია, მარიამ ვარდიაშვილი.
245 _bმე-2 გადამუშავებული და შევსებული გამოცემა
264 _aთბილისი :
_bივერიონი,
_c2012.
300 _a436 გვ. ;
_c20 სმ.
_eსქემები, ნახაზები
504 _aბიბლიოგრ. გვ.: 432-43
541 _h20ლ.
653 _aსადაზღვევო საქმე
700 _aკაკაშვილი, ნატო
_eავტორი
_913338
700 _aგამსახურდია, გივი
_eრედაქტორი
_915599
700 _aვარდიაშვილი, მარიამ
_eრედაქტორი
_920777
942 _cBK
_2udc